00386nam a2200145Ia 4500008004100000020001500041041000800056082001700064100004800081245002900129250000600158260003800164300001000202650002800212210716s2006 xx 000 0 und d a1933583223 aeng a658.848 TERV aTerpstra, Vern;Sarathy, Ravi;Russow, Lloyd. aInternational marketing. a9 aUSAbNorth Coast Publishersc2006 ax,588 aInternational Marketing